| Поле | Название | Значение |
| |
Тип записи |
a |
| |
Библиографический уровень |
m |
| 001 |
Контрольный номер |
e490073d0e7e4b0a906b15aa366ff1d3 |
| 005 |
Дата корректировки |
20140605143443.6 |
| 010 |
Индекс ISBN |
__ |
| a |
ISBN |
5-7654-3271-9 |
| 200 |
Заглавие и сведения об ответственности |
1_ |
| a |
Заглавие |
Анализ хозяйственной деятельности |
| f |
Первые сведения об ответственности |
Черкасова, Ирина Олеговна |
| 210 |
Выходные данные |
1_ |
| a |
Место издания |
СПб. |
| c |
Издательство |
Издат.дом "Нева" |
| d |
Дата издания |
2003 |
| 215 |
Физическое описание |
__ |
| a |
Объем |
191 с. |
| 225 |
Серия |
2_ |
| a |
Серия |
Шпаргалка |
| 610 |
Ключевые слова |
0_ |
| a |
Ключевые слова |
анализ |
| 610 |
Ключевые слова |
0_ |
| a |
Ключевые слова |
анализ динамики |
| 610 |
Ключевые слова |
0_ |
| a |
Ключевые слова |
анализ доходов,прибыли,рентабельности |
| 610 |
Ключевые слова |
0_ |
| a |
Ключевые слова |
анализ издержек обращения |
| 610 |
Ключевые слова |
0_ |
| a |
Ключевые слова |
анализ деятельности фирмы |
| 610 |
Ключевые слова |
0_ |
| a |
Ключевые слова |
анализ инвестиций |
| 610 |
Ключевые слова |
0_ |
| a |
Ключевые слова |
анализ маркетинговой деятельности предприятия |
| 610 |
Ключевые слова |
0_ |
| a |
Ключевые слова |
анализ основных фондов |
| 610 |
Ключевые слова |
0_ |
| a |
Ключевые слова |
анализ показателей по труду |
| 610 |
Ключевые слова |
0_ |
| a |
Ключевые слова |
анализ производства и реализации продукции |
| 610 |
Ключевые слова |
0_ |
| a |
Ключевые слова |
анализ себестоимости |
| 610 |
Ключевые слова |
0_ |
| a |
Ключевые слова |
анализ финансового состояния |
| 610 |
Ключевые слова |
0_ |
| a |
Ключевые слова |
анализ финансовой деятельности |
| 610 |
Ключевые слова |
0_ |
| a |
Ключевые слова |
анализ хозяйственной деятельности |
| 610 |
Ключевые слова |
0_ |
| a |
Ключевые слова |
шпаргалка |
| 610 |
Ключевые слова |
0_ |
| a |
Ключевые слова |
подготовка к экзаменам |
| 686 |
Индексы других классификаций |
__ |
| a |
Классификационный индекс |
65.053.9(2) |
| 2 |
Код системы |
rubbk |
| 700 |
Автор |
_1 |
| a |
Фамилия |
Черкасова, Ирина Олеговна |
| 801 |
Источник записи |
_0 |
| a |
Страна |
RU |
| b |
Организация |
РУК |
| c |
Дата составления |
20040522 |
| g |
Правила каталогизации |
PSBO |
| 801 |
Источник записи |
_1 |
| a |
Страна |
RU |
| b |
Организация |
РУК |
| c |
Дата составления |
20040522 |
| g |
Правила каталогизации |
PSBO |
| 852 |
Данные о местонахождении |
__ |
| i |
Авторский знак |
Ч-48 |
| j |
Шифр хранения |
ББК 65.053 |
| 901 |
Тип документа |
__ |
| t |
Тип документа |
m |
| 938 |
Служебная информация |
__ |
| a |
Название организации |
Головной вуз |
| b |
Имя БД |
BOOK |
| c |
Название АИБС |
АИБС ИРБИС |